|
|
|
|
| LEADER |
01169nam a2200265 a 4500 |
| 001 |
697495 |
| 008 |
091028r19961995 enka b 001 0 eng d |
| 010 |
|
|
|a 96139918
|
| 020 |
|
|
|a 0855983183 (pbk.)
|
| 040 |
|
|
|a DAID
|c DAID
|d NN
|d DLC
|
| 082 |
0 |
0 |
|a 362.5/57091724
|2 22
|
| 100 |
1 |
|
|a Watkins, Kevin.
|
| 245 |
1 |
4 |
|a The Oxfam poverty report /
|c Kevin Watkins.
|
| 260 |
|
|
|a Oxford :
|b Oxfam,
|c c1995.
|
| 300 |
|
|
|a v, 250 p. :
|b ill. ;
|c 25 cm.
|
| 504 |
|
|
|a Includes bibliographical references (p. 227-242) and index.
|
| 541 |
1 |
|
|e 00005655
|
| 650 |
1 |
0 |
|a Poverty
|x Developing countries.
|
| 650 |
|
0 |
|a Poverty
|x Government policy
|z Developing countries.
|
| 650 |
|
0 |
|a Economic assistance
|z Developing countries.
|
| 710 |
2 |
|
|a Oxfam.
|
| 852 |
4 |
|
|a Ayesha Abed Library
|j General Shelf
|
| 999 |
|
|
|c 5399
|d 5399
|
| 952 |
|
|
|0 0
|1 0
|2 ddc
|4 0
|6 362_557091724000000_WAT_1995
|7 0
|9 5257
|a BRACUL
|b BRACUL
|c GEN
|d 2009-11-10
|g 1120.00
|l 0
|o 362.557091724 WAT
|p 3010005655
|r 2009-11-10
|t 1
|v 2240.00
|w 2009-11-10
|y BK
|
| 952 |
|
|
|0 0
|1 0
|2 ddc
|4 0
|6 362_557091724000000_WAT_1995
|7 0
|9 5557
|a BRACUL
|b BRACUL
|c GEN
|d 2009-11-19
|g 1120.00
|l 1
|m 4
|o 362.557091724 WAT
|p 3010005717
|r 2020-01-21
|s 2019-03-11
|t 2
|v 2240.00
|w 2009-11-19
|y BK
|